| 000 | 00655nam a2200181 i 4500 | ||
|---|---|---|---|
| 001 | 41149 | ||
| 003 | ES-MaACL | ||
| 005 | 20250804063400.0 | ||
| 007 | t| | ||
| 008 | 030310s1932 sp ||||1| spa d | ||
| 100 | 1 |
_aCascales Muñoz, José, _d1865-1933 _936269 |
|
| 245 | 1 | 3 |
_aEl auténtico Espronceda pornográfico y el apócrifo en general _b: estudio crítico vindicativo al que precede la biografía del gran poeta / _cJosé Cascales Muñoz. |
| 260 |
_aToledo : _bColegio de Huerfano, _c1932. |
||
| 300 |
_a122 p. ; _c19 cm. |
||
| 600 | 1 | 4 |
_aEspronceda, José de, _d1808-1842 _947951 |
| 852 |
_aES-MaACL _jF-13856 |
||
| 999 |
_c41149 _d41149 |
||